• 首页
  • 本馆介绍
  • 公告通知
  • 最新文献
  • 馆藏检索
  • 电子资源
  • 读者导购
  • 参考咨询
  • 我的图书馆
  • 登录
  • 详细信息显示
  • 放入我的书架
  • 预约/预借图书
  • 作者相关作品
  • 分类相关作品
  • 丛书相关作品
  • 出版社相关作品

书目信息

  • 表格格式
  • 工作单格式
  • 卡片格式
题名:
销售员开发客户口才与技巧
    
 
作者: 谭芳 编著
分册:  
出版信息: 北京   中国纺织出版社  2017
页数: 230页
开本: 24cm
丛书名:
单 册:
中图分类: F713.3-49
科图分类:
主题词: 销售--口才学--通俗读物
电子资源:
ISBN: 978-7-5180-3216-7
000 00859nam0 2200229 45
001 012001000064
005 20140920091301.0
010    @a978-7-5180-3216-7@dCNY36.80
100    @a20170619d2017 em y0chiy50 ea
101 0  @achi
102    @aCN@b110000
105    @ay z 000yy
106    @ar
200 1  @a销售员开发客户口才与技巧@9Xiao Shou Yuan Kai Fa Ke Hu Kou Cai Yu Ji Qiao@f谭芳编著
210    @a北京@c中国纺织出版社@d2017
215    @a230页@d24cm
330    @a本书从开发客户的过程入手,以不同情景和方式为线索,运用鲜活的案例,辅以销售精英的实战经验,让你轻松学会最有效的技巧,精通与客户打交道的策略。本书是销售人员提升客户开发技巧的实用宝典和必备手册,可操性强,一学即会。
606 0  @a销售@x口才学@j通俗读物
690    @aF713.3-49@v5
701  0 @a谭芳@9Tan Fang@4编著
801  0 @aCN@b上海新华@c20180901
905    @b1040309-13@dF713.3@e1011@f5
    
    销售员开发客户口才与技巧/谭芳编著.-北京:中国纺织出版社,2017
    230页;24cm
    
    
    ISBN 978-7-5180-3216-7:CNY36.80
    本书从开发客户的过程入手,以不同情景和方式为线索,运用鲜活的案例,辅以销售精英的实战经验,让你轻松学会最有效的技巧,精通与客户打交道的策略。本书是销售人员提升客户开发技巧的实用宝典和必备手册,可操性强,一学即会。
●
相关链接 在E读中查询图书 在五车中查询图书 在当当中查询图书 在豆瓣中查询图书


正题名:销售员开发客户口才与技巧     索取号:F713.3/1011         预约/预借

序号 登录号 条形码 馆藏地/架位号 状态 备注
1 1040309   210403099   第一样本阅览室/ [索取号:F713.3/1011] 在馆    
2 1040310   210403106   第一借阅区/ [索取号:F713.3/1011] 在馆    
3 1040311   210403115   第一借阅区/ [索取号:F713.3/1011] 在馆    
4 1040312   210403124   第一借阅区/ [索取号:F713.3/1011] 在馆    
5 1040313   210403133   密集书库-海洋学院/ [索取号:F713.3/1011] 在馆    
唐山师范学院图书馆 欢迎您!
大连网信软件有限公司© 版权所有